[Event "American Cup Champ w"]
[Site "Saint Louis USA"]
[Date "2022.04.23"]
[Round "2.2"]
[White "Tokhirjonova,Gulrukhbegim"]
[Black "Krush,I"]
[Result "0-1"]
[WhiteElo "2335"]
[BlackElo "2421"]

1.Nf3 c5 2.g3 Nc6 3.d4 cxd4 4.Nxd4 g6 5.Bg2 Bg7 6.Nxc6 bxc6 7.c4 Qa5+ 8.Nd2 h5
9.h3 Rb8 10.Qc2 Nf6 11.O-O O-O 12.Nb3 Qa4 13.Be3 d6 14.c5 d5 15.Bd4 Re8 16.Be5 Rb4
17.e3 Nd7 18.Bxg7 Kxg7 19.Qc3+ e5 20.Rfc1 Nf6 21.Nd2 Bf5 22.a3 Rbb8 23.b3 Qb5
24.Bf1 Qb7 25.b4 Qd7 26.Kh2 h4 27.g4 Ne4 28.Nxe4 Bxe4 29.Be2 g5 30.Rd1 Qe7
31.f3 Bg6 32.b5 Qc7 33.e4 dxe4 34.fxe4 cxb5 35.Rac1 Re6 36.Qe3 Rf6 37.Bf1 Kh6
38.Rb1 a6 39.Rd5 Rc8 40.Rc1 Rc6 41.Bg2 f6 42.Qd2 Be8 43.Rf1 Kg7 44.Rd6 Rxd6
45.cxd6 Qd7 46.Rd1 Bf7 47.Qb4 Rc4 48.Qa5 Rc6 49.Qb4 Be6 50.Rd2 Rc1 51.Qb2 Rc4
52.Rd1 Qc6 53.Qf2 Bd7 54.Qa7 Rc2 55.Qg1 a5 56.Kh1 b4 57.axb4 axb4 58.Qe3 Rc3
59.Qa7 b3 60.Qb8 Qc8 61.Qb6 Kg6 62.Rf1 Rd3 63.Qb4 Be6 64.Qb6 Qd7 65.Qf2 Qd8
66.Qa7 Rxd6 67.Qc5 b2 68.Qc2 Rd2 69.Qc6 Rd1 70.Qb5 Rxf1+ 71.Bxf1 Qd1 72.Qe8+ Bf7
73.Qc8  0-1

[Event "American Cup Champ w"]
[Site "Saint Louis USA"]
[Date "2022.04.24"]
[Round "3.1"]
[White "Krush,I"]
[Black "Lee,Alice"]
[Result "1-0"]
[WhiteElo "2421"]
[BlackElo "2334"]

1.c4 e6 2.Nf3 d5 3.b3 Nf6 4.e3 a6 5.Bb2 Nbd7 6.d4 b6 7.cxd5 exd5 8.g3 Bb7
9.Bg2 Bd6 10.Ba3 Bxa3 11.Nxa3 Qe7 12.Nc2 a5 13.O-O O-O 14.Qc1 Ba6 15.Rd1 Ne4
16.Qb2 Be2 17.Rdc1 Rfc8 18.Nce1 Bb5 19.a4 Ba6 20.Rd1 c6 21.Rac1 Qe6 22.Nd3 Bxd3
23.Rxd3 Rc7 24.Rdd1 f6 25.Ne1 Rb8 26.Nd3 g5 27.b4 axb4 28.Nxb4 Rbc8 29.Qb3 Kg7
30.Rc2 Nd6 31.Bf1 Nb8 32.Rdc1 Ne8 33.Rc3 Qd6 34.Bh3 Rd8 35.Nd3 Ra7 36.Qxb6 Qc7
37.Qxc7+ Nxc7 38.Nc5 Kg6 39.Rb3 Nca6 40.Nb7 Re8 41.Rb6 h5 42.Nd6 Rd8 43.Bf5+ Kg7
44.Nb7 Rf8 45.Na5 Nb4 46.Rxb4 Rxa5 47.Rb7+ Kg8 48.Rcb1 Ra8 49.Be6+ Kh8 50.Re7  1-0

[Event "American Cup Champ w"]
[Site "Saint Louis USA"]
[Date "2022.04.25"]
[Round "3.2"]
[White "Lee,Alice"]
[Black "Krush,I"]
[Result "1/2-1/2"]
[WhiteElo "2334"]
[BlackElo "2421"]

1.d4 d5 2.c4 c6 3.Nc3 Nf6 4.Nf3 e6 5.Bg5 Nbd7 6.e3 Qa5 7.cxd5 Nxd5 8.Rc1 Nxc3
9.bxc3 Ba3 10.Rc2 b6 11.Bd3 Ba6 12.O-O Bxd3 13.Qxd3 O-O 14.c4 Rfe8 15.e4 e5
16.d5 cxd5 17.cxd5 Rac8 18.Nd2 Qa4 19.Nc4 Nc5 20.Qe2 Nxe4 21.Qxe4 b5 22.d6 bxc4
23.Rd1 Qd7 24.Rxc4 Rxc4 25.Qxc4 Bxd6 26.Qd5 Qf5 27.Qxd6 Qxg5 28.Qd7 Ra8 29.h3 h5
30.Qb7 Re8 31.Qxa7 e4 32.Kh1 e3 33.fxe3 Rxe3 34.a4 Qe5 35.Rf1 f6 36.Qb6 Ra3
37.Qd8+ Kh7 38.Qd1 Re3 39.Kg1 Qc5 40.Kh2 Qe5+ 41.Kh1 Kg8 42.Qd8+ Kh7 43.Qd1 Kg8
44.Qc2 Re1 45.Qa2+ Kh8 46.Qf2 Ra1 47.Qf3 Rxa4 48.Qd1 Re4 49.Qd8+ Kh7 50.Qd3 Kh8
51.Qb1 Kh7 52.Qd1 Re2 53.Qd3+ Qe4 54.Qxe4+ Rxe4 55.Kh2 h4 56.Rf5 Kg6 57.Ra5 f5
58.Ra7 Kf6 59.Ra6+ Re6 60.Ra7 g5 61.Ra4 Re4 62.Ra5 Re5 63.Ra6+ Re6 64.Ra5 Re5
65.Ra6+ Re6 66.Ra5 Re5  1/2-1/2

[Event "American Cup Champ w"]
[Site "Saint Louis USA"]
[Date "2022.04.27"]
[Round "4.1"]
[White "Krush,I"]
[Black "Lee,Alice"]
[Result "1-0"]
[WhiteElo "2421"]
[BlackElo "2334"]

1.c4 e6 2.Nf3 d5 3.g3 a6 4.b3 d4 5.e3 c5 6.exd4 cxd4 7.Bg2 Nc6 8.O-O Bc5
9.d3 h6 10.Ba3 Bxa3 11.Nxa3 Nge7 12.Nc2 Qd6 13.Qd2 e5 14.b4 g5 15.a4 Ng6
16.c5 Qc7 17.Na3 Be6 18.Qb2 O-O 19.Nd2 a5 20.Nb5 Qd7 21.bxa5 Rxa5 22.Nd6 Rb8
23.Rfb1 Ra7 24.N2c4 Bxc4 25.Nxc4 Nce7 26.Qb6 Nc8 27.Qf6 Qe8 28.a5 Kh7 29.a6 Nf8
30.axb7 Rxa1 31.Rxa1 Ne7 32.Nd6 Qd7 33.Qxf7+ Kh8 34.Qf6+ Kg8 35.Qxe5 Nfg6
36.Qxd4 Kh7 37.Ra8 Nf4 38.Qe4+ Neg6 39.gxf4  1-0

[Event "American Cup Champ w"]
[Site "Saint Louis USA"]
[Date "2022.04.28"]
[Round "4.2"]
[White "Lee,Alice"]
[Black "Krush,I"]
[Result "1/2-1/2"]
[WhiteElo "2334"]
[BlackElo "2421"]

1.d4 d5 2.c4 c6 3.Nc3 Nf6 4.Nf3 dxc4 5.a4 e6 6.e3 c5 7.Bxc4 cxd4 8.exd4 Nc6
9.O-O Be7 10.Re1 O-O 11.Bg5 h6 12.Bh4 b6 13.Rc1 Bb7 14.Bf1 Rc8 15.Bg3 Nb4
16.Ne5 Nfd5 17.Qb3 Bg5 18.Rcd1 Qe7 19.Nc4 Bf4 20.Nb5 Bxg3 21.hxg3 Ba8 22.Be2 Rfd8
23.Rc1 a6 24.Nc3 Rc7 25.Red1 Rdc8 26.Ne5 Bb7 27.Bh5 g6 28.Bf3 Kg7 29.Rb1 h5
30.Ne2 a5 31.Rbc1 Rxc1 32.Rxc1 Rxc1+ 33.Nxc1 Qc7 34.Ne2 Nf6 35.Bxb7 Qxb7
36.Qc4 Ng4 37.Nxg4 hxg4 38.Nc3 Nd5 39.Nxd5 Qxd5 40.Qxd5 exd5 41.Kf1 f5 42.Ke2 g5
43.f4 gxf3+ 44.Kxf3 Kf6 45.g4 f4 46.Ke2 Ke6 47.Kf3 Kf6 48.Ke2 Ke6 49.Kf3 Kf6
50.Ke2  1/2-1/2

[Event "American Cup Blitz 2022"]
[Site "Saint Louis USA"]
[Date "2022.04.29"]
[Round "1.6"]
[White "Shankland,S"]
[Black "Krush,I"]
[Result "1-0"]
[WhiteElo "2709"]
[BlackElo "2421"]

1.c4 c5 2.Nf3 Nc6 3.Nc3 g6 4.e3 Nf6 5.d4 cxd4 6.exd4 d5 7.cxd5 Nxd5 8.Qb3 Nxc3
9.Bc4 Nd5 10.Bxd5 e6 11.Bxc6+ bxc6 12.O-O Qd5 13.Qe3 c5 14.Rd1 Bb7 15.b3 cxd4
16.Rxd4 Bc5 17.Rxd5 Bxe3 18.Rd3 Bc5 19.Bb2 O-O 20.Ne5 Rfd8 21.Nd7 Be7 22.Rad1 f5
23.f3 Kf7 24.Kf2 Ke8 25.Nf6+ Kf7 26.Nxh7 Rxd3 27.Rxd3 Rd8 28.Rxd8 Bxd8 29.f4 Kg8
30.Ng5 Bxg5 31.fxg5 Kf7 32.g3 Ke7 33.Be5 Kd7 34.Ke3 Ba6 35.Bd4  1-0

[Event "American Cup Blitz 2022"]
[Site "Saint Louis USA"]
[Date "2022.04.29"]
[Round "6.4"]
[White "Krush,I"]
[Black "Robson,R"]
[Result "0-1"]
[WhiteElo "2421"]
[BlackElo "2681"]

1.d4 Nf6 2.c4 e6 3.Nc3 Bb4 4.e3 O-O 5.Bd3 b6 6.Nf3 Bb7 7.O-O d5 8.a3 Be7
9.b4 dxc4 10.Bxc4 a6 11.Bb2 Nbd7 12.Qe2 c5 13.b5 cxd4 14.Nxd4 axb5 15.Ndxb5 Ne5
16.Bb3 Qb8 17.f3 Ra5 18.Kh1 Ba6 19.a4 Rc8 20.Rac1 Ned7 21.e4 h6 22.f4 Nc5
23.Bc2 Bb7 24.e5 Nd5 25.f5 Bg5 26.Nxd5 Bxd5 27.Rcd1 Nxa4 28.Bxa4 Rxa4 29.Nd6 Ra2
30.Nxc8 Qxc8 31.Rc1 Bxc1 32.Rxc1  0-1

[Event "American Cup Blitz 2022"]
[Site "Saint Louis USA"]
[Date "2022.04.29"]
[Round "7.6"]
[White "So,W"]
[Black "Krush,I"]
[Result "1-0"]
[WhiteElo "2778"]
[BlackElo "2421"]

1.c4 c5 2.Nf3 Nc6 3.b3 g6 4.Bb2 Nf6 5.g3 Bg7 6.Bg2 O-O 7.O-O b6 8.d4 cxd4
9.Nxd4 Bb7 10.Nc3 Qc8 11.Nc2 Ne5 12.e4 d6 13.Re1 Qc5 14.Rc1 Rfc8 15.h3 a6
16.Nd4 Qa5 17.Kh2 b5 18.cxb5 axb5 19.Ndxb5 Ba6 20.a4 Rab8 21.f4 Nc6 22.e5 dxe5
23.fxe5 Nh5 24.Nd5 Bxb5 25.axb5 Qxb5 26.Rxc6 Rd8  1-0

[Event "Olympiad Women 2022"]
[Site "Chennai IND"]
[Date "2022.07.30"]
[Round "2.7"]
[White "Krush,I"]
[Black "Yakubbaeva,Nilufar"]
[Result "1-0"]
[WhiteElo "2430"]
[BlackElo "2299"]

1.d4 Nf6 2.c4 e6 3.Nf3 b6 4.g3 Bb7 5.Bg2 Be7 6.O-O Na6 7.Nc3 O-O 8.d5 Bb4
9.Nd4 Bxc3 10.bxc3 Nc5 11.Nb3 Nce4 12.Qc2 exd5 13.cxd5 Bxd5 14.c4 Bb7 15.Bb2 Re8
16.Nd4 d6 17.Nf5 Qc8 18.Bh3 Kh8 19.f3 Ng5 20.Bg2 Qd8 21.e4 Ne6 22.h4 Ng8
23.Rad1 Ne7 24.Qc3 f6 25.Nxg7 Nxg7 26.Qxf6 Rg8 27.h5 Nc6 28.h6 Ne5 29.Bxe5  1-0

[Event "Olympiad Women 2022"]
[Site "Chennai IND"]
[Date "2022.08.03"]
[Round "6.20"]
[White "Otazo,A"]
[Black "Krush,I"]
[Result "0-1"]
[WhiteElo "1932"]
[BlackElo "2430"]

1.e4 c5 2.c3 d5 3.exd5 Qxd5 4.d4 Nf6 5.Nf3 e6 6.Be2 Nc6 7.O-O Be7 8.Be3 cxd4
9.cxd4 O-O 10.Nc3 Qd8 11.h3 Nb4 12.Qb3 b6 13.Ne5 Bb7 14.Rac1 Rc8 15.Rfd1 Nbd5
16.Qa4 a6 17.Nxd5 Nxd5 18.Rxc8 Qxc8 19.Rc1 Qa8 20.Bf3 b5 21.Qb3 Rd8 22.Nd3 Nxe3
23.Bxb7 Qxb7 24.fxe3 Bg5 25.Nc5 Qc6 26.Rc3 h5 27.Qa3 e5 28.Qxa6 Qd5 29.Nb3 Qe4
30.Qb6 exd4 31.Nc5 Qb1+ 32.Kh2 dxc3  0-1

[Event "Olympiad Women 2022"]
[Site "Chennai IND"]
[Date "2022.08.05"]
[Round "7.13"]
[White "Krush,I"]
[Black "Campos,Maria Jose"]
[Result "1-0"]
[WhiteElo "2430"]
[BlackElo "2185"]

1.d4 Nf6 2.c4 e6 3.Nf3 Bb4+ 4.Bd2 c5 5.Bxb4 cxb4 6.g3 O-O 7.Bg2 d6 8.O-O a5
9.a3 Na6 10.Qd3 Qc7 11.Nbd2 b6 12.Ne1 Bb7 13.Bxb7 Qxb7 14.Nc2 e5 15.axb4 axb4
16.e4 Rfe8 17.f3 h5 18.h4 Nd7 19.d5 Ndc5 20.Qe2 g6 21.Kh2 Qd7 22.Rg1 Qe7
23.Rae1 Qf6 24.Kh3 Kg7 25.Ra1 b3 26.Na3 Nb4 27.Rab1 Rec8 28.Rg2 Ra5 29.Qe3 Rxa3
30.bxa3 Nc2 31.Qc3 Nxa3 32.Rxb3 Nxb3 33.Qxb3 Ra8 34.Rg1 Qd8 35.Ra1 Qc8+ 36.Kg2 Qc5
37.Nb1 Nxb1 38.Rxa8 Nd2 39.Qd3 Nxc4 40.Ra1 b5 41.Kh3 Qf2 42.Rf1 Qc5 43.Qe2 Ne3
44.Re1 Nc4 45.Kh2 Na3 46.g4 hxg4 47.fxg4 b4 48.Rf1 Qc7 49.Qf3 Qe7 50.g5 Nc2
51.Qf6+ Qxf6 52.Rxf6 Kf8 53.Rxd6 Nd4 54.Rb6 b3 55.Rb7 Nf3+ 56.Kg2 Nd2 57.Rb4 Ke7
58.Kf2 b2 59.Rxb2 Nxe4+ 60.Ke3 Nc5 61.Rb6 Nd7 62.Rc6 Nf8 63.Ke4 Nd7 64.Rc7 Kd6
65.Rxd7+  1-0

[Event "Olympiad Women 2022"]
[Site "Chennai IND"]
[Date "2022.08.06"]
[Round "8.8"]
[White "Worek,J"]
[Black "Krush,I"]
[Result "1/2-1/2"]
[WhiteElo "2280"]
[BlackElo "2430"]

1.e4 c5 2.Nf3 e6 3.d4 cxd4 4.Nxd4 a6 5.c4 Nf6 6.Nc3 Bb4 7.Bd3 Bxc3+ 8.bxc3 d6
9.O-O Nbd7 10.Re1 O-O 11.Ba3 Qc7 12.Nb3 e5 13.Rb1 Rd8 14.Bf1 Nf8 15.Qe2 b6
16.f3 a5 17.Na1 Ba6 18.Nc2 Ne6 19.Ne3 Nc5 20.Qf2 Bc8 21.Red1 Be6 22.Qc2 Rab8
23.Rd2 h6 24.Rdd1 Kh8 25.Kh1 Ng8 26.Qf2 Ne7 27.Rb5 Rf8 28.Qd2 Rbd8 29.Rdb1 Nc8
30.Qc2 Qe7 31.R5b2 g6 32.Bxc5 dxc5 33.Nd5 Qg5 34.Qc1 Kg7 35.Kg1 Rd6  1/2-1/2

[Event "Olympiad Women 2022"]
[Site "Chennai IND"]
[Date "2022.08.07"]
[Round "9.10"]
[White "Krush,I"]
[Black "Avramidou,Anastasia"]
[Result "1-0"]
[WhiteElo "2430"]
[BlackElo "2274"]

1.d4 d5 2.c4 e6 3.Nf3 a6 4.Bg5 Be7 5.Bxe7 Qxe7 6.e3 Nf6 7.Nbd2 O-O 8.Rc1 Nc6
9.Bd3 e5 10.cxd5 Nxd5 11.Be4 Rd8 12.Rxc6 bxc6 13.Nxe5 Bb7 14.Qc2 Nf6 15.Bxc6 Rdb8
16.O-O Qe6 17.Nb3 Bxc6 18.Nxc6 Rb5 19.Nc1 Qe4 20.Qxe4 Nxe4 21.Nd3 a5 22.Rc1 Kf8
23.f3 Nd6 24.b3 a4 25.b4 a3 26.e4 Rb6 27.d5 Ke8 28.Kf2 Nb7 29.Ke3 Rc8 30.e5 Ra8
31.f4 Rb5 32.Ke4 Kd7 33.g4 g6 34.Rc3 Ra4 35.f5 gxf5+ 36.gxf5 Ra8 37.e6+ Ke8
38.Ke5 Nd6 39.Nc5 f6+ 40.Kxf6 Rxc5 41.bxc5 Ne4+ 42.Kg7 Nxc3 43.f6 Nxd5 44.f7+  1-0

[Event "ch-USA w 2022"]
[Site "Saint Louis USA"]
[Date "2022.10.05"]
[Round "1.2"]
[White "Abrahamyan,T"]
[Black "Krush,I"]
[Result "1/2-1/2"]
[WhiteElo "2308"]
[BlackElo "2432"]

1.e4 c5 2.Nf3 e6 3.d4 cxd4 4.Nxd4 a6 5.Bd3 Bc5 6.Nb3 Ba7 7.Nc3 Nc6 8.Qe2 d6
9.Be3 b5 10.O-O-O Nge7 11.f4 b4 12.Nb1 a5 13.Bb5 O-O 14.Nd4 Nxd4 15.Bxd4 a4
16.a3 bxa3 17.Nxa3 Bxd4 18.Rxd4 Qb6 19.Rhd1 d5 20.Rxa4 Rxa4 21.Bxa4 Ba6 22.Qf3 Qb4
23.Bb3 dxe4 24.Qf2 Rc8 25.Qd4 Nc6 26.Qxb4 Nxb4 27.Rd4 Nd3+ 28.Kb1 Nxf4 29.Rxe4 Nxg2
30.Nc4 Rd8 31.Ne5 Bb7 32.Rb4 Ba8 33.Ra4 Bd5 34.Bxd5 exd5 35.Nc6 Re8 36.b4 Ne3
37.b5 Nc4 38.Ne7+ Kf8 39.Nxd5 Rd8 40.Nc3 Rc8 41.Nd5 Rd8 42.Nc3 Rc8 43.Nd5 Rd8  1/2-1/2

[Event "ch-USA w 2022"]
[Site "Saint Louis USA"]
[Date "2022.10.06"]
[Round "2.6"]
[White "Krush,I"]
[Black "Foisor,S"]
[Result "1/2-1/2"]
[WhiteElo "2432"]
[BlackElo "2203"]

1.c4 c6 2.Nf3 d5 3.e3 Nf6 4.Nc3 e6 5.b3 Bd6 6.Bb2 O-O 7.Be2 e5 8.cxd5 cxd5
9.Nb5 Nc6 10.Nxd6 Qxd6 11.O-O Bg4 12.h3 Bh5 13.d3 Rfe8 14.Rc1 Rad8 15.Qd2 Bxf3
16.Bxf3 e4 17.Be2 d4 18.Rcd1 dxe3 19.fxe3 exd3 20.Bxd3 Ne4 21.Qe2 Qe7 22.Rf4 Ng5
23.Rdf1 Qxe3+ 24.Qxe3 Rxe3 25.Bc4 Ne5 26.Bxe5 Rxe5 27.Bxf7+ Nxf7 28.Rxf7 Rb5
29.Rc7 a5 30.Rff7 Rd1+ 31.Kh2 Rg5 32.Rf2 h5 33.Rxb7 Kh7 34.Rc7 Re5 35.Rff7 Rg5
36.Rc2 Kh6 37.Rfc7 Rdd5 38.R7c4 Rge5 39.h4 Rb5 40.Rc6+ Kh7 41.R2c3 Re2 42.a4 Rb4
43.R6c4 Re4 44.Rxe4 Rxe4 45.Rc5 Rxh4+ 46.Kg1 Kh6 47.Rxa5 Rd4 48.Rb5 h4 49.a5 Rd1+
50.Kf2 Ra1 51.Kf3 Ra2 52.b4 g5 53.Rb8 Ra3+ 54.Ke4 Ra2 55.Rb6+ Kh5 56.a6 Rxg2
57.Rb5 h3 58.a7 Ra2 59.Rb7 Kg4 60.b5 h2 61.Rh7 Rxa7 62.Rxh2 Ra4+ 63.Kd5 Rb4
64.Kc5 Rb1 65.Rc2 Kf3 66.Rc3+ Kf4 67.Rc4+ Kf3 68.Rc3+ Kf4 69.Rc4+ Kf3 70.Rc3+ Kf4  1/2-1/2

[Event "ch-USA w 2022"]
[Site "Saint Louis USA"]
[Date "2022.10.07"]
[Round "3.7"]
[White "Lee,Megan"]
[Black "Krush,I"]
[Result "1/2-1/2"]
[WhiteElo "2226"]
[BlackElo "2432"]

1.e4 c5 2.Nf3 Nc6 3.d4 cxd4 4.Nxd4 Nf6 5.Nc3 d6 6.Bg5 e6 7.Bb5 Bd7 8.Qd3 h6
9.Bh4 g5 10.Bg3 Ne5 11.Bxe5 dxe5 12.Bxd7+ Nxd7 13.Ndb5 a6 14.Nd6+ Bxd6 15.Qxd6 Rc8
16.O-O-O Rc6 17.Qd2 Qc7 18.h4 g4 19.h5 Nb6 20.Qe2 Rxc3 21.bxc3 Nc4 22.Rd3 Qb6
23.Rd8+ Qxd8 24.Qxc4 O-O 25.Qe2 Qg5+ 26.Qd2 Rd8 27.Qxg5+ hxg5 28.Rd1 Rxd1+
29.Kxd1 g3 30.Ke2 Kg7 31.Kf3 f5 32.Kxg3 Kh6 33.Kh3 Kxh5 34.g4+ Kg6 35.Kg2 Kf6
36.Kf3 b6 37.c4 Kg6 38.Kg2 Kf7 39.Kf3 Kf6 40.a3 f4 41.Ke2 Ke7 42.Kd3 Kd6
43.f3 a5 44.Kc3 Kc5 45.a4 Kc6 46.Kd2 Kc5 47.Kc3 Kc6 48.Kd2 Kc5 49.Kc3  1/2-1/2

[Event "ch-USA w 2022"]
[Site "Saint Louis USA"]
[Date "2022.10.08"]
[Round "4.1"]
[White "Krush,I"]
[Black "Eswaran,Ashritha"]
[Result "1-0"]
[WhiteElo "2432"]
[BlackElo "2365"]

1.d4 Nf6 2.c4 e6 3.Nc3 Bb4 4.e3 b6 5.Ne2 Ba6 6.a3 Be7 7.Nf4 d5 8.cxd5 Bxf1
9.Kxf1 exd5 10.h4 O-O 11.g4 c6 12.g5 Ne8 13.Qg4 Qd7 14.Qxd7 Nxd7 15.b3 Nc7
16.a4 Ne6 17.Nce2 Nxf4 18.Nxf4 Rac8 19.Ba3 Bxa3 20.Rxa3 Rfd8 21.Ke2 Nf8 22.b4 c5
23.dxc5 bxc5 24.b5 Ne6 25.Nd3 d4 26.Ne5 c4 27.Nc6 d3+ 28.Kd2 Nc5 29.f3 Rd7
30.Rc1 Kf8 31.Rxc4 Ne6 32.Rxd3 Rdc7 33.Rd6 Nd8 34.Kc3 Ne6 35.Kb4 g6 36.a5 Rb7
37.Nd4 Rcb8 38.Nxe6+ Ke7 39.Rd5 Kxe6 40.e4 Ke7 41.Rc6 Kf8 42.Rdc5 Kg7 43.Rc7 h6
44.Rxb7 Rxb7 45.Rc6 hxg5 46.hxg5 Rd7 47.b6 axb6 48.axb6 Rd1 49.Kc5 Rb1 50.Kd6  1-0

[Event "ch-USA w 2022"]
[Site "Saint Louis USA"]
[Date "2022.10.09"]
[Round "5.2"]
[White "Tokhirjonova,Gulrukhbegim"]
[Black "Krush,I"]
[Result "0-1"]
[WhiteElo "2336"]
[BlackElo "2432"]

1.e4 c5 2.Nf3 d6 3.d4 cxd4 4.Nxd4 Nf6 5.Nc3 Nc6 6.Bg5 e6 7.Qd3 Bd7 8.Be2 a6
9.f4 Be7 10.O-O-O b5 11.Bf3 Rc8 12.Nxc6 Bxc6 13.a3 O-O 14.g4 Qc7 15.h4 a5
16.Ne2 b4 17.Nd4 Bd7 18.axb4 axb4 19.Rhe1 h6 20.Rh1 e5 21.Nf5 Bxf5 22.Bxf6 Bxf6
23.exf5 exf4 24.Rh2 Qa7 25.Qb3 Rfe8 26.Re2 Re3 27.Rxe3 fxe3 28.Kb1 Bxh4 29.Rxd6 Qe7
30.Qd3 Bf6 31.Rd5 Re8 32.Be2 Ra8 33.Rb5 Qa7 34.c3 bxc3 35.Qd5 cxb2 36.Bc4 Qa1+
37.Kc2 Qc1+  0-1

[Event "ch-USA w 2022"]
[Site "Saint Louis USA"]
[Date "2022.10.11"]
[Round "6.4"]
[White "Krush,I"]
[Black "Cervantes Landeiro,Thalia"]
[Result "1-0"]
[WhiteElo "2432"]
[BlackElo "2272"]

1.c4 e5 2.Nc3 Bb4 3.g3 Nf6 4.Bg2 O-O 5.e4 Bxc3 6.bxc3 d6 7.d3 h6 8.Nf3 Bg4
9.h3 Be6 10.O-O a6 11.a4 a5 12.c5 dxc5 13.Nxe5 Nbd7 14.f4 Nxe5 15.fxe5 Nd7
16.Bf4 Re8 17.g4 Nf8 18.Be3 b6 19.g5 hxg5 20.d4 cxd4 21.cxd4 Bc4 22.Rf5 Nh7
23.d5 Qe7 24.Bd4 Rad8 25.Qc2 Ba6 26.Rc1 c5 27.Bc3 Bc8 28.Rf3 Nf8 29.Rcf1 Ng6
30.Rxf7 Qxf7 31.Rxf7 Kxf7 32.Qf2+ Kg8 33.Qg3 Nf4 34.Bf1 Bxh3 35.Qxg5 Rf8
36.Bc4 Bc8 37.Kh1 Bb7 38.Kh2 g6 39.e6 Rde8 40.Qh6 Re7 41.Qh8+  1-0

[Event "ch-USA w 2022"]
[Site "Saint Louis USA"]
[Date "2022.10.12"]
[Round "7.6"]
[White "Yan,Ruiyang"]
[Black "Krush,I"]
[Result "1/2-1/2"]
[WhiteElo "2220"]
[BlackElo "2432"]

1.e4 c5 2.Nf3 Nc6 3.d4 cxd4 4.Nxd4 Nf6 5.Nc3 e5 6.Ndb5 d6 7.Nd5 Nxd5 8.exd5 Nb8
9.a4 Be7 10.Be2 O-O 11.O-O Nd7 12.Kh1 f5 13.f4 a6 14.Na3 exf4 15.Bxf4 Nc5
16.Nc4 a5 17.c3 Bd7 18.Bf3 Ra6 19.Re1 b5 20.axb5 Bxb5 21.Be2 Ne4 22.Rf1 Bxc4
23.Bxc4 Ra8 24.Bd3 Bg5 25.Qc2 Bxf4 26.Rxf4 Qg5 27.Raf1 Rae8 28.g3 g6 29.Bxe4 fxe4
30.Rxf8+ Rxf8 31.Rxf8+ Kxf8 32.Qxe4 Qc1+ 33.Kg2 Qxb2+ 34.Kh3 Qf2 35.Qc4 Qa7
36.Qf4+ Ke8 37.Kg2 Qc5 38.Qa4+ Kd8 39.c4 Qb4 40.Qc6 a4 41.c5 Qxc5 42.Qxa4 Qxd5+
43.Kf2 Qc5+ 44.Kg2 Ke7 45.Qh4+ Ke6 46.Qxh7 Qc2+ 47.Kg1 Qb1+ 48.Kf2 Qc2+ 49.Kg1 Qb1+
50.Kf2 Qc2+ 51.Kg1 Qb1+  1/2-1/2

[Event "ch-USA w 2022"]
[Site "Saint Louis USA"]
[Date "2022.10.13"]
[Round "8.5"]
[White "Krush,I"]
[Black "Morris-Suzuki,Sophie"]
[Result "1/2-1/2"]
[WhiteElo "2432"]
[BlackElo "2126"]

1.c4 c5 2.Nf3 Nf6 3.Nc3 d5 4.cxd5 Nxd5 5.g3 Nc6 6.Bg2 Nc7 7.O-O e5 8.a3 f6
9.e3 Be7 10.d4 cxd4 11.exd4 exd4 12.Ne2 Ne6 13.b4 d3 14.Nc3 O-O 15.Qb3 Kh8
16.Nd5 a5 17.Be3 Nc7 18.Nxc7 Qxc7 19.b5 Ne5 20.Nxe5 Qxe5 21.Rfe1 a4 22.Qxd3 Bf5
23.Qf1 Qc3 24.Bxb7 Rab8 25.Bc6 Bd3 26.Qh3 Bxa3 27.Bf4 Rbd8 28.Bc7 Rc8 29.Qd7 Bxb5
30.Bxb5 Rxc7 31.Qd1 Bc5 32.Bxa4 Qd4 33.Qxd4 Bxd4 34.Rac1 Rxc1 35.Rxc1 Be5
36.Bd7 Rd8 37.Rc8 Rxc8 38.Bxc8 Kg8 39.Be6+ Kf8 40.Kg2 g5 41.Bf5 h6 42.h3 Kg7
43.Be4 Bd6 44.Bf5 Be5 45.Be4 Bd6 46.Bf5 Be5 47.Be4  1/2-1/2

[Event "ch-USA w 2022"]
[Site "Saint Louis USA"]
[Date "2022.10.14"]
[Round "9.6"]
[White "Lee,Alice"]
[Black "Krush,I"]
[Result "1/2-1/2"]
[WhiteElo "2263"]
[BlackElo "2432"]

1.d4 d5 2.c4 e6 3.Nf3 Nf6 4.Nc3 c6 5.e3 Nbd7 6.Be2 Bd6 7.O-O O-O 8.b3 b6
9.Bb2 Bb7 10.Qc2 Re8 11.Rfe1 c5 12.cxd5 exd5 13.Rad1 h6 14.Qb1 Qe7 15.Nh4 Qe6
16.Bf3 Ne4 17.g3 Ndf6 18.Nb5 Bb8 19.Qa1 g5 20.Ng2 Qf5 21.Bxe4 Nxe4 22.Rf1 a6
23.Nc3 c4 24.Nxe4 dxe4 25.bxc4 Bd6 26.a4 b5 27.Rc1 bxc4 28.Rxc4 Rec8 29.Rxc8+ Rxc8
30.Ba3 Bxa3 31.Qxa3 a5 32.h4 Rc4 33.hxg5 hxg5 34.Qe7 Bc6 35.Rb1 Rc2 36.Rb8+ Kh7
37.Nf4 Bd7 38.Rd8 Rc1+ 39.Kg2 Be6 40.Qf8 Qf6 41.Qg8+ Kh6 42.Qh8+ Qxh8 43.Rxh8+ Kg7
44.Nxe6+ Kxh8 45.Nxg5 Rc4 46.Nxf7+ Kg7 47.Nd6 Rxa4 48.Nxe4 Rb4 49.Nc5 a4
50.Nxa4 Rxa4 51.f4 Kf6 52.Kf3 Ra1 53.g4 Rg1 54.d5 Ke7 55.g5 Kd6 56.Ke4 Rg3
57.Kd4 Rg1 58.Ke4 Rg3 59.Kf5 Rxe3 60.Kf6 Kxd5 61.f5 Ra3 62.g6 Ra6+ 63.Kg5 Ke5
64.g7 Ra1 65.Kg6 Rg1+ 66.Kf7 Kxf5 67.g8=Q Rxg8 68.Kxg8  1/2-1/2

[Event "ch-USA w 2022"]
[Site "Saint Louis USA"]
[Date "2022.10.15"]
[Round "10.1"]
[White "Krush,I"]
[Black "Wu,Rochelle"]
[Result "1/2-1/2"]
[WhiteElo "2432"]
[BlackElo "2317"]

1.c4 c6 2.Nf3 Nf6 3.Nc3 d5 4.e3 e6 5.d4 a6 6.c5 Nbd7 7.b4 g6 8.Bb2 Bg7 9.Be2 O-O
10.O-O Re8 11.Na4 Qc7 12.Ne5 Nxe5 13.dxe5 Nd7 14.f4 Rb8 15.Rc1 f6 16.exf6 Bxf6
17.Bxf6 Nxf6 18.Qd4 e5 19.fxe5 Ne4 20.e6 Bxe6 21.Nc3 Bf5 22.Bf3 Nxc3 23.Rxc3 Qe5
24.a4 Be4 25.Qxe5 Rxe5 26.Kf2 Rbe8 27.h4 Rf8 28.Kg3 Rfe8 29.Kf2 Rf8 30.Kg3 Rfe8
31.Kf2  1/2-1/2

[Event "ch-USA w 2022"]
[Site "Saint Louis USA"]
[Date "2022.10.17"]
[Round "11.5"]
[White "Paikidze,N"]
[Black "Krush,I"]
[Result "0-1"]
[WhiteElo "2354"]
[BlackElo "2432"]

1.d4 d5 2.Nf3 Nf6 3.c4 e6 4.Nc3 c6 5.g3 Be7 6.Bg2 O-O 7.O-O b6 8.Qc2 Bb7
9.Rd1 Nbd7 10.b3 Rc8 11.e4 c5 12.exd5 exd5 13.Bb2 dxc4 14.d5 Ne8 15.bxc4 Nd6
16.Nd2 Bf6 17.Nce4 Bxb2 18.Qxb2 Nf6 19.Nxd6 Qxd6 20.a4 Rfe8 21.a5 Rb8 22.axb6 axb6
23.Re1 Rxe1+ 24.Rxe1 b5 25.f4 h6 26.Qe5 Qf8 27.Ne4 Nxe4 28.Bxe4 bxc4 29.Rb1 Re8
30.Qf5 g6 31.Qf6 Bc8 32.Bc2 Re2 33.Ba4 Bf5 34.Rb7 Qg7 35.Qxg7+ Kxg7 36.Rc7 c3
37.Rxc5 c2 38.d6 Re1+ 39.Kf2 c1=Q 40.Rxc1 Rxc1 41.d7 Bxd7 42.Bxd7 Rc2+ 43.Kg1 g5
44.fxg5 hxg5 45.Bf5 Rb2 46.Be4 Kf6 47.Bf3 Ke5 48.h3 f5 49.Kf1 Kd4 50.Kg1 Ke3
51.Bg2 Rxg2+ 52.Kxg2 Ke2  0-1

[Event "ch-USA w 2022"]
[Site "Saint Louis USA"]
[Date "2022.10.18"]
[Round "12.6"]
[White "Yu,Jennifer"]
[Black "Krush,I"]
[Result "0-1"]
[WhiteElo "2297"]
[BlackElo "2432"]

1.d4 Nf6 2.c4 c5 3.d5 g6 4.Nc3 Bg7 5.e4 d6 6.f4 O-O 7.Nf3 e6 8.dxe6 fxe6
9.Be2 Nc6 10.O-O b6 11.Ne1 Bb7 12.Be3 Nd4 13.Bd3 Qe7 14.Nc2 Nd7 15.Rb1 Rf7
16.Qd2 Raf8 17.Rbe1 e5 18.Nd5 Bxd5 19.exd5 Nxc2 20.Bxc2 exf4 21.Rxf4 Rxf4
22.Bxf4 Bd4+ 23.Kh1 Qf6 24.g3 Ne5 25.Qe2 Bxb2 26.h4 Bd4 27.Kg2 Qe7 28.Rf1 Qd7
29.Bxe5 Re8 30.Qf3 Bxe5 31.Ba4 Qxa4 32.Qf7+ Kh8 33.h5 gxh5 34.Rf5 Bd4 35.Rg5 Qc2+
36.Kh3 Qe4 37.Rxh5 Qh1+ 38.Kg4 Re4+  0-1

[Event "ch-USA w 2022"]
[Site "Saint Louis USA"]
[Date "2022.10.19"]
[Round "13.1"]
[White "Krush,I"]
[Black "Zatonskih,A"]
[Result "1/2-1/2"]
[WhiteElo "2432"]
[BlackElo "2368"]

1.d4 d5 2.c4 e6 3.Nc3 Nf6 4.cxd5 exd5 5.Bg5 c6 6.e3 Be7 7.Bd3 Nbd7 8.Nf3 Nf8
9.Ne5 N6d7 10.Bxe7 Qxe7 11.Nf3 Ne6 12.Qc2 Nf4 13.Bf1 Nb6 14.O-O-O Ng6 15.h3 Be6
16.Kb1 Nh4 17.Nxh4 Qxh4 18.Bd3 Qe7 19.Ka1 g6 20.Rc1 Qb4 21.h4 O-O-O 22.Nb1 Kb8
23.Nd2 Rc8 24.Nb3 Nd7 25.Qe2 Qe7 26.Qd2 c5 27.dxc5 Nxc5 28.Nd4 Bd7 29.Bb1 Ne6
30.Nf3 Qd6 31.Rcd1 Bc6 32.Nd4 Ba4 33.Rc1 Bd7 34.a3 Rhd8 35.Ba2 Rxc1+ 36.Rxc1 Nxd4
37.Qxd4 Be6 38.g3 Qb6 39.Qf6 a6 40.Rd1 Ka7 41.Qe5 Qc5 42.Bb3 Rd7 43.Ka2 Kb6
44.Rd4 Qc7 45.Rb4+ Ka7 46.Qd4+ b6 47.Qd2 h5 48.Rd4 Qc6 49.Ba4 b5 50.Bb3 Kb6
51.a4 Kc7 52.a5 Kd8 53.Rd3 Qd6 54.Qc3 Ke7 55.Rd1 Rc7 56.Qd4 Qc5 57.Qxc5+ Rxc5
58.Ka3 b4+ 59.Ka4 Kd6 60.Rd4 Bd7+ 61.Kxb4 Rb5+ 62.Kc3 Rxa5 63.e4 Rc5+ 64.Kd2 Bc6
65.exd5 Bxd5 66.Bxd5 Rxd5 67.Kc3 Ke5 68.Rf4 f6 69.b4 g5 70.hxg5 fxg5 71.Rf8 Ke4
72.Kc4 Rf5 73.Ra8 Kf3 74.Rxa6 Kxf2 75.Ra3 g4 76.Ra5 Rf8 77.Rxh5 Kxg3 78.Rg5 Kf3
79.b5 g3 80.b6 g2 81.Kd5 Kf2 82.Kc6 g1=Q 83.Rxg1 Kxg1 84.b7 Kf2 85.Kc7 Ke3
86.b8=Q Rxb8 87.Kxb8  1/2-1/2

[Event "ch-USA Women TB 2022"]
[Site "Saint Louis USA"]
[Date "2022.10.20"]
[Round "1.1"]
[White "Yu,Jennifer"]
[Black "Krush,I"]
[Result "1-0"]
[WhiteElo "2297"]
[BlackElo "2432"]

1.d4 Nf6 2.c4 c5 3.d5 e5 4.Nc3 d6 5.g3 g6 6.Bg2 Bg7 7.e4 O-O 8.Nge2 Nbd7
9.O-O Ne8 10.h3 f5 11.f4 Nc7 12.Be3 exf4 13.Bxf4 Ne5 14.b3 Bd7 15.Qd2 b5
16.exf5 gxf5 17.cxb5 Nxb5 18.Rae1 Qf6 19.Nd1 a5 20.a4 Nd4 21.Nxd4 cxd4 22.Nf2 Rfb8
23.Nd3 Re8 24.Rc1 Rab8 25.Rc7 Bc8 26.Nc1 Rb4 27.Re1 Qd8 28.Rc2 Ba6 29.Kh2 Qb6
30.Qf2 d3 31.Be3 Qb7 32.Rd2 Qd7 33.Bf4 Rbb8 34.Bxe5 Bxe5 35.Nxd3 Bxd3 36.Rxd3 Kh8
37.Rf3 Rg8 38.Rxe5 dxe5 39.Rxf5 Rxb3 40.Rf7 Qd6 41.Be4 Rg7 42.Rf8+ Rg8 43.Rf7 Rg7
44.Rf8+ Rg8 45.Qf7 Qxf8 46.Qxh7+  1-0